000 00860cab a22002175a 4500
001 L159845
008 150113e2017 xxk 000 0 eng d
035 _a(Sirsi) u159845
041 0 _aeng
100 1 _aRizzuto, Joseph
245 0 0 _aLearning at work
_h[electronic resource]
260 _aLondon
_bRICS
_c2017
490 _aRICS Building Surveying Journal
_vOctober - November 2017, 24-25(2)
520 _aExplains how problem-based learning can provide valuable experience to building surveying students going through enhanced work shadowing offered by the university.
650 2 4 _aWORK EXPERIENCE
651 4 _aUnited Kingdom
_y
690 _aBuilding surveying
_96225
700 1 _aChauhan, Indira
856 4 0 _uhttps://issuu.com/ricsmodus/docs/building_surveying_journal_october__45ef6cafff2b21
_yAvailable free online via Issuu
942 _n0
_2ddc
999 _c85010
_d85010